000 01147nam a22001457a 4500
999 _c514580
_d514580
008 201120b ||||| |||| 00| 0 eng d
100 _aMenudo, Jose, M. and Rieucau, Nicolas.
_921147
245 _aThe rural economics of Rene De girardin: Landscapes at the service of L'ideologie nobiliaire
260 _aJournal of the History of Ideas
300 _a 81(3), Jul, 2020: 429-449
520 _aRené-Louis de Girardin is remembered for having invited Rousseau to hisErmenonville estate. Girardin believed it necessary to further the debate on gardens on the basis of a principle of continuity that rejects any idea of enclosure. This made it possible to establish an agricultural model that increased production and finally allowed the monopoly in grain sales to be broken. At the service of l'idéologienobiliaire, his analysis shows the existence of a form of economic thinking in the second half of the eighteenth century that, giving primacy to agriculture, nevertheless cannot fall within the paths of physiocrats and agronomists.- Reproduced
773 _aJournal of the History of Ideas
906 _aRURAL ECONOMICS
942 _cAR